Alain Clavien, Hervé Guillou, Pierre Matti, La Province n’est plus la Province, Les relations culturelles franco-suisses à l’épreuve de la seconde guerre mondiale (1935-1950). Ed. Antipodes, Lausanne, 2003, 370 pages, 27 € (notice n° 1619405)
[ vue normale ]
| 000 -LEADER | |
|---|---|
| fixed length control field | 00950cam a2200157 4500500 |
| 005 - DATE AND TIME OF LATEST TRANSACTION | |
| control field | 20260111090706.0 |
| 041 ## - LANGUAGE CODE | |
| Language code of text/sound track or separate title | fre |
| 042 ## - AUTHENTICATION CODE | |
| Authentication code | dc |
| 100 10 - MAIN ENTRY--PERSONAL NAME | |
| Personal name | Vallin, Pierre |
| Relator term | author |
| 245 00 - TITLE STATEMENT | |
| Title | Alain Clavien, Hervé Guillou, Pierre Matti, La Province n’est plus la Province, Les relations culturelles franco-suisses à l’épreuve de la seconde guerre mondiale (1935-1950). Ed. Antipodes, Lausanne, 2003, 370 pages, 27 € |
| 260 ## - PUBLICATION, DISTRIBUTION, ETC. | |
| Date of publication, distribution, etc. | 2003.<br/> |
| 500 ## - GENERAL NOTE | |
| General note | 39 |
| 520 ## - SUMMARY, ETC. | |
| Summary, etc. | RésuméLes Français pensent encore majoritairement que l’Eglise est riche (52 %). Cette perception puise sans doute sa source essentielle dans l’histoire, avec la grande richesse matérielle qu’a pu connaître l’Eglise par le passé. Cette opinion est bien éloignée de la réalité. |
| 786 0# - DATA SOURCE ENTRY | |
| Note | Études | 399 | 12 | 2003-12-01 | p. 698v-718v | 0014-1941 |
| 856 41 - ELECTRONIC LOCATION AND ACCESS | |
| Uniform Resource Identifier | <a href="https://shs.cairn.info/revue-etudes-2003-12-page-698v?lang=fr&redirect-ssocas=7080">https://shs.cairn.info/revue-etudes-2003-12-page-698v?lang=fr&redirect-ssocas=7080</a> |
Pas d'exemplaire disponible.




Réseaux sociaux